| 000 | 00881nam a2200265Ia 4500 | ||
|---|---|---|---|
| 003 | OSt | ||
| 005 | 20221005092010.0 | ||
| 006 | a|||||r|||| 00| 0 | ||
| 007 | ta | ||
| 008 | 221004b |||||||| |||| 00| 0 eng d | ||
| 020 |
_a9781841697369 (hbk) _c2730.29 |
||
| 024 | _a118571 | ||
| 037 |
_b497, 27/01/2012, Bharatiya Sahitya Bhavana _cTextual |
||
| 040 |
_aCRL _cCRL _beng |
||
| 041 |
_2eng _aeng |
||
| 082 | _aS4(X8(A)), Q1 | ||
| 100 |
_aBakker Arnold B. Ed. _9436330 |
||
| 245 | 0 |
_aWork engagement _b A handbook of essential theory and research |
|
| 260 |
_aNew York _bPsychology Press U.S.A _c2011 |
||
| 300 |
_aviii, 209p. _ccm. |
||
| 650 | _aPSYCHOLOGY | ||
| 700 |
_a Leiter Michael Ed. _9143680 |
||
| 942 |
_hS4(X8(A)), Q1 _cTEXL _2cc |
||
| 999 |
_c998125 _d998125 |
||